00556 2200217 4500001002100000005001500021035002000036007000300056008004100059020002200100082001000122084001600132100001300148245006800161250001000229260003000239300002900269650001800298990001100316990001100327INLIS00000000000414320190930095318 a0010-0919000073ta190930 g j ind  a978-979-1442-74-9 a808.3 a808.3 YUL b0 aYULHASNI1 aBunga Layu di Bandar Baru :bKumpulan Cerita Pendek /cYulhasni acet.1 aDepok :bKoekoesan,c2015 axiii, 140 hlm. ;c21 cm. 4aSASTRA. NOVEL a6910 a a6910 b